Music Quiz

Random Music or Album Quiz
Score 0/8 Timer 05:00
0 Plays Today
Year Album % Correct
1995(What's The Story) Morning Glory
97.6%
1994Definitely Maybe
92.7%
1997Be Here Now
84.6%
2002Heathen Chemistry
81.3%
1998The Masterplan
77.2%
2008Dig Out Your Soul
75.6%
2000Standing On The Shoulder Of Giants
73.2%
2004Don't Believe The Truth
73.2%
Remove Ads.
Support Sporcle.
Get the best of Sporcle when you Go Orange. This ad-free experience offers more features, more stats, and more fun while also helping to support Sporcle. Thank you for becoming a member.

You're not logged in!

Compare scores with friends on all Sporcle quizzes.
OR
Log In

Show Comments

Extras

Created Sep 23, 2009ReportNominate
Tags:Album Quiz

Top Quizzes Today


Score Distribution

Your Account Isn't Verified!

In order to create a playlist on Sporcle, you need to verify the email address you used during registration. Go to your Sporcle Settings to finish the process.

Report this User

Report this user for behavior that violates our Community Guidelines.

Details: